Datum a čas kvízu

29 Celkem bodů Celkový počet nahraných bodů na tomto kvízu bez doplňovacích otázek.
3. Pořadí na kvízu Konečné umístění týmu na tomto kvízu.

Zaznamenané odpovědi

# Otázka Odpověď Body Výsledky
-14. Při úřadu vlády vznikne komise... Ďáblický hřbitov 0
-13. V Kuvajtu byla v pondělí novin... Byla vytvořena pomocí umělé inteligence. 1
-12. V pátek vyšlo nové album legen... Metallica 1
-11. Ve které zemi byl minulý týden... ve Finsku 1
-10. V úterý bylo pro veřejnost odt... Srdce do hry 1
6. Jistě netřeba představovat Isa... integrální počet 1
7. Blízko k fyzice měl svým způso... tři 0
8. Ve kterém italském městě začín... v Pise 0
9. Čím se během své vědecké karié... B 1
10. Jak se jmenoval tento dánský j... Niels Bohr 1